| 000 | 00485 a2200169 4500 | ||
|---|---|---|---|
| 020 | _a0471290483 | ||
| 035 | _a1213 | ||
| 040 |
_aDLC _bDLC |
||
| 100 | 1 | 0 | _aGallager, Robert G. |
| 245 | 1 | 0 |
_aInformation theory and reliable communication _c[by] Robert G. Gallager |
| 260 | 0 |
_aNew York _b, Wiley _c[1968] |
|
| 300 |
_axiv, 588 p _b. illus _c. 23 cm. |
||
| 650 | 0 | _aInformation theory. | |
| 650 | 0 | _aTelecommunication. | |
| 650 | 0 | _aData transmission systems. | |
| 942 |
_cBK _k003.54 GAL _2ddc |
||
| 999 |
_c4913 _d4913 |
||